书目信息 |
| 题名: |
中国电子商务的发展特征及其效应研究
|
|
| 作者: | 董国芳, 著 | |
| 分册: | ||
| 出版信息: | 北京 经济管理出版社 2020.12 |
|
| 页数: | 168页 | |
| 开本: | 24cm | |
| 丛书名: | 河南财经政法大学统计与大数据学院论丛 | |
| 单 册: | ||
| 中图分类: | F724.6 | |
| 科图分类: | ||
| 主题词: | 电子商务--dian zi shang wu--研究--中国 | |
| 电子资源: | ||
| ISBN: | 978-7-5096-7551-9 | |
| 000 | 01500nam 2200301 450 | |
| 001 | CAL 0120141439631 | |
| 005 | 20230217093111.0 | |
| 010 | @a978-7-5096-7551-9@dCNY55.00 | |
| 100 | @a20210120d2020 em y0chiy0120 ea | |
| 101 | 0 | @achi |
| 102 | @aCN@b110000 | |
| 105 | @aak a 000yy | |
| 106 | @ar | |
| 200 | 1 | @a中国电子商务的发展特征及其效应研究@Azhong guo dian zi shang wu de fa zhan te zheng ji qi xiao ying yan jiu@d= Research on the development characteristics and effects of E-commerce in China@f董国芳著@zeng |
| 210 | @a北京@c经济管理出版社@d2020.12 | |
| 215 | @a168页@c图@d24cm | |
| 225 | 2 | @a河南财经政法大学统计与大数据学院论丛@Ahe nan cai jing zheng fa da xue tong ji yu da shu ju xue yuan lun cong |
| 300 | @a本书的出版得到河南省高等学校人文社会科学重点研究基地“河南教育统计研究中心”和刘定平教授“中原干人计划”专项的资助 | |
| 314 | @a董国芳, 河南财经政法大学政府经济发展与社会管理创新研究中心高级研究员。 | |
| 320 | @a有书目 (第159-168页) | |
| 330 | @a本书分八章, 内容包括: 导论 ; 理论基础与相关文献综述 ; 电子商务测度的指标设计及数据说明 ; 我国电子商务的发展及空间分布测度 ; 我国电子商务空间分布的影响因素等。 | |
| 410 | 0 | @12001 @a河南财经政法大学统计与大数据学院论丛 |
| 510 | 1 | @aResearch on the development characteristics and effects of E-commerce in China@zeng |
| 606 | 0 | @a电子商务@Adian zi shang wu@x研究@y中国 |
| 690 | @aF724.6@v5 | |
| 701 | 0 | @a董国芳,@Adong guo fang@f1980-@4著 |
| 801 | 0 | @aCN@bBJXHZP@c20230228 |
| 905 | @b1397654-6@dF724.6@e121@f3 | |
| 中国电子商务的发展特征及其效应研究= Research on the development characteristics and effects of E-commerce in China/董国芳著.-北京:经济管理出版社,2020.12 |
| 168页:图;24cm.-(河南财经政法大学统计与大数据学院论丛) |
| 本书的出版得到河南省高等学校人文社会科学重点研究基地“河南教育统计研究中心”和刘定平教授“中原干人计划”专项的资助 |
| ISBN 978-7-5096-7551-9:CNY55.00 |
| 本书分八章, 内容包括: 导论 ; 理论基础与相关文献综述 ; 电子商务测度的指标设计及数据说明 ; 我国电子商务的发展及空间分布测度 ; 我国电子商务空间分布的影响因素等。 |
| ● |
| 相关链接 |
|
|
|
|
正题名:中国电子商务的发展特征及其效应研究
索取号:F724.6/121
 
预约/预借
| 序号 | 登录号 | 条形码 | 馆藏地/架位号 | 状态 | 备注 |
| 1 | 1397654 | 213976544 | 第一样本阅览室/ [索取号:F724.6/121] | 在馆 | |
| 2 | 1397655 | 213976553 | 第一借阅区/ [索取号:F724.6/121] | 在馆 | |
| 3 | 1397656 | 213976562 | 第一借阅区/ [索取号:F724.6/121] | 在馆 |